Cenicienta / (Registro nro. 12320)

Detalles MARC
000 -LEADER
fixed length control field 00785nam a22002417a 4500
001 - CONTROL NUMBER
control field 0206684018
003 - CONTROL NUMBER IDENTIFIER
control field DO-SdBNP
005 - DATE AND TIME OF LATEST TRANSACTION
control field 20180216105107.0
007 - PHYSICAL DESCRIPTION FIXED FIELD--GENERAL INFORMATION
fixed length control field 0206684018
008 - FIXED-LENGTH DATA ELEMENTS--GENERAL INFORMATION
fixed length control field 161206b 2001 sp a ||||| |||| 00| 0 spa d
020 ## - INTERNATIONAL STANDARD BOOK NUMBER
International Standard Book Number 9789583008368
040 ## - CATALOGING SOURCE
Original cataloging agency BPMSU
Language of cataloging spa
Transcribing agency BPMSU
100 1# - MAIN ENTRY--PERSONAL NAME
Personal name Perrault, Charles,
Dates associated with a name 1628-1703.
245 10 - TITLE STATEMENT
Title Cenicienta /
Statement of responsibility, etc. Charles Perrault ; ilustraciones, Javier Fernando Porras Rodríguez.
260 ## - PUBLICATION, DISTRIBUTION, ETC. (IMPRINT)
Place of publication, distribution, etc. Bogotá :
Name of publisher, distributor, etc. Panamericana,
Date of publication, distribution, etc. 2001.
Date of manufacture 2ª reimp. 2007
300 ## - PHYSICAL DESCRIPTION
Extent 8 páginas sin numerar :
Other physical details il. ;
Dimensions 27 cm.
490 1# - SERIES STATEMENT
Series statement Biblioteca del cuento
700 12 - ADDED ENTRY--PERSONAL NAME
Personal name Porras Rodríguez, Javier Fernando,
Relator term il.
830 #0 - SERIES ADDED ENTRY--UNIFORM TITLE
Uniform title Biblioteca del cuento
942 ## - ADDED ENTRY ELEMENTS (KOHA)
Source of classification or shelving scheme Dewey Decimal Classification
Koha item type Libros
945 ## - LOCAL PROCESSING INFORMATION (OCLC)
a Inventariado, 2018 /LP
956 ## - LOCAL ELECTRONIC LOCATION AND ACCESS (OCLC)
Host name LOPEREZ
Access number 10
Compression information 20161206
Processor of request BPMSU
Existencias
Withdrawn status Lost status Source of classification or shelving scheme Damaged status Not for loan Collection code Home library Current library Date acquired Source of acquisition Total Checkouts Barcode Date last seen Price effective from Koha item type Copy number
    Dewey Decimal Classification     Colección Infantil General Biblioteca Pública Metropolitana Salomé Ureña Biblioteca Pública Metropolitana Salomé Ureña 12/06/2016 Sin sellar   BPMSU16120167 12/06/2016 12/06/2016 Libros  
    Dewey Decimal Classification     Colección Infantil General Biblioteca Pública Metropolitana Salomé Ureña Biblioteca Pública Metropolitana Salomé Ureña 12/06/2016 Sin sellar   BPMSU16120168 12/06/2016 12/06/2016 Libros ej. 2
    Dewey Decimal Classification     Colección Infantil General Biblioteca Pública Metropolitana Salomé Ureña Biblioteca Pública Metropolitana Salomé Ureña 12/06/2016 Sin sellar   BPMSU16120169 12/06/2016 12/06/2016 Libros ej. 3